[Event "TUR-ch Youth"]
[Site "Denizli"]
[Date "2022.05.25"]
[Round "3"]
[White "Manas, Eren"]
[Black "Akdag, Omer Amir"]
[Result "1-0"]
[WhiteElo "1437"]
[BlackElo "1960"]
[PlyCount "137"]
[EventDate "2022.05.24"]
[EventType "swiss"]
[EventRounds "9"]
[EventCountry "TUR"]
[SourceTitle "EXT 2023"]
[Source "ChessBase"]
[SourceDate "2022.10.05"]
[SourceVersion "1"]
[SourceVersionDate "2022.10.05"]
[SourceQuality "1"]

1. e4 c5 2. Nf3 g6 3. d4 cxd4 4. Nxd4 Bg7 5. Nc3 Nc6 6. Be3 Nf6 7. Bc4 0-0 8. Bb3 Qa5 9. 0-0 Rd8 10. h3 e6 11. f4 d6 12. Qf3 Bd7 13. Nde2 Ne7 14. Rad1 Bc6 15. Nd4 Rac8 16. g4 Kh8 17. Rd2 b5 18. Nxc6 Nxc6 19. f5 b4 20. Ne2 Ne5 21. Qg2 d5 22. exd5 gxf5 23. Bd4 Ne4 24. Rdd1 Nc5 25. gxf5 Nxb3 26. cxb3 Qxd5 27. Qxd5 Rxd5 28. fxe6 fxe6 29. Bxa7 Rc2 30. Rxd5 exd5 31. Nf4 Rxb2 32. Rc1 Nf3+ 33. Kf1 Nh2+ 34. Kg1 Nf3+ 35. Kf1 Nd2+ 36. Kg1 Bc3 37. Nxd5 Nf3+ 38. Kf1 Nh2+ 39. Kg1 Nf3+ 40. Kf1 Rh2 41. Be3 Rxa2 42. Nxc3 Nh2+ 43. Ke1 Nf3+ 44. Kd1 bxc3 45. Rxc3 Rh2 46. Bh6 Rh1+ 47. Ke2 Nd4+ 48. Kf2 Rh2+ 49. Kg3 Ne2+ 50. Kxh2 Nxc3 51. Kg2 Kg8 52. Kf3 Kf7 53. Bd2 Nd5 54. Ke4 Ke6 55. Kd4 Kd6 56. b4 Ne7 57. b5 Kc7 58. Kc5 Kb7 59. Be3 Nc8 60. Kd5 Kc7 61. Bc5 h6 62. h4 Nb6+ 63. Bxb6+ Kxb6 64. Ke6 Kxb5 65. Kf6 Kc6 66. Kg6 Kd6 67. Kxh6 Ke6 68. Kg6 Ke7 69. Kg7 1-0

[Event "Balkan-ch U18"]
[Site "Tornelo INT"]
[Date "2020.11.01"]
[Round "6"]
[White "Akdag, Omer Amir"]
[Black "David, Bogdan Emanuel"]
[Result "1/2-1/2"]
[WhiteElo "1915"]
[BlackElo "1909"]
[PlyCount "130"]
[EventDate "2020.10.31"]
[EventType "swiss"]
[EventRounds "7"]
[EventCountry "NET"]
[SourceTitle "EXT 2023"]
[Source "ChessBase"]
[SourceDate "2022.10.05"]
[SourceVersion "1"]
[SourceVersionDate "2022.10.05"]
[SourceQuality "1"]

1. d4 d6 2. Nf3 g6 3. e3 Bg7 4. Be2 Nd7 5. 0-0 e5 6. dxe5 dxe5 7. c4 Ngf6 8. Nc3 0-0 9. Qc2 c6 10. b3 Re8 11. e4 Nf8 12. Bb2 Qc7 13. Nd1 Nh5 14. g3 Bh3 15. Re1 Rad8 16. Ng5 Qc8 17. Ne3 Nf6 18. c5 h6 19. Nxh3 Qxh3 20. Bf1 Qc8 21. Nc4 Qc7 22. Bc3 N8d7 23. b4 b6 24. Qb2 Rb8 25. cxb6 axb6 26. Rac1 Ra8 27. a3 b5 28. Na5 Reb8 29. Nb3 Qa7 30. Na5 Qc7 31. Nb3 Qa7 32. Qc2 Qb6 33. Na5 c5 34. bxc5 Nxc5 35. Bxe5 Rc8 36. Qb2 Rxa5 37. Bd4 Ra7 38. Rc2 Rac7 39. Rec1 Ne8 40. e5 Bf8 41. Bxb5 Rd8 42. Be3 Rdc8 43. a4 Qb7 44. Qa2 Ne6 45. Bc4 N8g7 46. a5 Bc5 47. a6 Qa7 48. Bxh6 Nd4 49. Rc3 Bb4 50. Bxf7+ Kh7 51. Rxc7 Rxc7 52. Be3 Rxc1+ 53. Bxc1 Nf3+ 54. Kg2 Nxe5 55. Bd5 Bc5 56. Bg5 Nd3 57. f3 Nb4 58. Qc4 Nxd5 59. Qxd5 Qc7 60. Qb7 Qa5 61. Bf6 Qd2+ 62. Kh3 Qh6+ 63. Kg2 Qd2+ 64. Kh3 Qh6+ 65. Kg2 Qd2+ 1/2-1/2

[Event "TUR-chT 2nd League"]
[Site "Konya"]
[Date "2019.07.26"]
[Round "7.3"]
[White "Akdag, Omer Amir"]
[Black "Yavuz, Sevki Batuhan"]
[Result "1-0"]
[WhiteElo "1903"]
[BlackElo "1647"]
[PlyCount "129"]
[EventDate "2019.07.22"]
[EventType "team-swiss"]
[EventRounds "9"]
[EventCountry "TUR"]
[SourceTitle "CBM 191 Extra"]
[Source "ChessBase"]
[SourceDate "2019.09.30"]
[SourceVersion "1"]
[SourceVersionDate "2019.09.30"]
[SourceQuality "1"]
[WhiteTeam "Samandag Altin"]
[BlackTeam "Koroglu Dernegi"]
[WhiteTeamCountry "TUR"]
[BlackTeamCountry "TUR"]

1. d4 Nf6 2. Nf3 d5 3. e3 b6 4. Bd3 e6 5. b3 Bb7 6. Bb2 Bd6 7. 0-0 0-0 8. Nbd2 c5 9. Ne5 Nc6 10. a3 cxd4 11. exd4 Bxe5 12. dxe5 Nd7 13. f4 f5 14. exf6 Nxf6 15. Qe1 Qe7 16. Qh4 h6 17. Rae1 Qc5+ 18. Kh1 Rae8 19. Rf3 d4 20. b4 Qh5 21. Qxh5 Nxh5 22. Bg6 Ne7 23. Bxh5 Rc8 24. Rf2 Rxc2 25. Bxd4 Nf5 26. Bg6 Nxd4 27. Bxc2 Nxc2 28. Rxe6 Nxa3 29. Re7 Rf7 30. Rxf7 Kxf7 31. Re2 Nb5 32. Nc4 Kf6 33. Kg1 Bd5 34. Ne5 Kf5 35. Nd3 Kf6 36. Kf2 a5 37. Re5 Bc6 38. bxa5 bxa5 39. Rc5 Be8 40. Nb2 Ke6 41. Re5+ Kf7 42. Nc4 Kf8 43. Nxa5 Nd6 44. g4 Bd7 45. Kf3 Kf7 46. h4 Nc8 47. Nc4 Bc6+ 48. Ke3 Ne7 49. Nd6+ Kf8 50. Rc5 g6 51. Nc8 Nd5+ 52. Kd4 Bb7 53. Nd6 Nxf4 54. Nxb7 Ne6+ 55. Ke5 Nxc5 56. Nxc5 Kf7 57. Ne4 Ke7 58. Nd6 g5 59. hxg5 hxg5 60. Ne4 Kf7 61. Kf5 Kg7 62. Kxg5 Kf7 63. Kh6 Kg8 64. g5 Kh8 65. g6 1-0

[Event "TUR-chT 2nd League"]
[Site "Konya"]
[Date "2019.07.25"]
[Round "5.7"]
[White "Callioglu, Yigit Sarp"]
[Black "Akdag, Omer Amir"]
[Result "0-1"]
[WhiteElo "1639"]
[BlackElo "1903"]
[PlyCount "114"]
[EventDate "2019.07.22"]
[EventType "team-swiss"]
[EventRounds "9"]
[EventCountry "TUR"]
[SourceTitle "CBM 191 Extra"]
[Source "ChessBase"]
[SourceDate "2019.09.30"]
[SourceVersion "1"]
[SourceVersionDate "2019.09.30"]
[SourceQuality "1"]
[WhiteTeam "Pamukkale Yonetimi"]
[BlackTeam "Samandag Altin"]
[WhiteTeamCountry "TUR"]
[BlackTeamCountry "TUR"]

1. d4 Nf6 2. Nf3 g6 3. b3 Bg7 4. Bb2 0-0 5. e3 d6 6. Bd3 Nbd7 7. Nbd2 e5 8. dxe5 Ng4 9. h3 Ngxe5 10. Rb1 Re8 11. Bb5 a6 12. Bxd7 Bxd7 13. Nxe5 dxe5 14. 0-0 Bc6 15. Nf3 Qe7 16. Qe2 Rad8 17. Rfd1 e4 18. Rxd8 Rxd8 19. Nh2 Bxb2 20. Rxb2 b5 21. Rb1 Qd6 22. Rc1 b4 23. Qe1 a5 24. c3 h5 25. cxb4 axb4 26. Nf1 Bb5 27. Ng3 Bd3 28. Rd1 f5 29. Ne2 c5 30. Nf4 Qa6 31. Rd2 Kf7 32. Qc1 Qb5 33. Qb2 c4 34. bxc4 Qxc4 35. Qb3 Qxb3 36. axb3 Kf6 37. Nxd3 exd3 38. f3 Ke5 39. Kf2 f4 40. g3 fxg3+ 41. Kxg3 Rc8 42. Rxd3 Rc3 43. Rd4 Rxb3 44. f4+ Ke6 45. Kf3 Rb1 46. Ke4 h4 47. Kf3 b3 48. Rb4 Kd5 49. Ke2 b2 50. Kd3 Rd1+ 51. Kc2 b1Q+ 52. Rxb1 Rxb1 53. Kxb1 Ke4 54. Kc2 Kxe3 55. f5 gxf5 56. Kd1 Kf2 57. Kd2 f4 0-1

[Event "TUR-chT 1st League"]
[Site "Konya"]
[Date "2018.07.21"]
[Round "8.6"]
[White "Akdag, Omer Amir"]
[Black "Yaver, Faik Emre"]
[Result "0-1"]
[WhiteElo "1735"]
[BlackElo "2091"]
[PlyCount "96"]
[EventDate "2018.07.16"]
[EventType "team-swiss"]
[EventRounds "9"]
[EventCountry "TUR"]
[SourceTitle "EXT 2019"]
[Source "ChessBase"]
[SourceDate "2018.10.10"]
[SourceVersion "1"]
[SourceVersionDate "2018.10.10"]
[SourceQuality "1"]
[WhiteTeam "Kahramanmaras CC"]
[BlackTeam "Ankara Dernegi"]
[WhiteTeamCountry "TUR"]
[BlackTeamCountry "TUR"]

1. e4 e5 2. Nf3 Nc6 3. c3 d5 4. Qa4 Qd6 5. d4 Bd7 6. Bb5 exd4 7. exd5 Qxd5 8. cxd4 Bb4+ 9. Nc3 Bxc3+ 10. bxc3 a6 11. Bxc6 Bxc6 12. Qc2 Bb5 13. Bg5 f6 14. Bf4 0-0-0 15. 0-0-0 Ne7 16. Rhe1 Rhe8 17. Kb1 Qc6 18. Rc1 Nd5 19. Be3 Bc4 20. Nd2 Re6 21. Ka1 Rde8 22. Nxc4 Qxc4 23. Bd2 g6 24. Qb3 b5 25. g3 c6 26. Qxc4 bxc4 27. Rxe6 Rxe6 28. Re1 Rxe1+ 29. Bxe1 g5 30. Bd2 Kd7 31. Kb2 Ke6 32. Ka3 Kf5 33. f4 g4 34. Ka4 Ke4 35. Ka5 Kd3 36. Bc1 Kxc3 37. Kxa6 Nb4+ 38. Kb6 Nxa2 39. Kxc6 Kxd4 40. Ba3 c3 41. Kd6 Ke4 42. Ke7 f5 43. Kf6 c2 44. Kg7 c1Q 45. Bxc1 Nxc1 46. Kxh7 Ne2 47. Kh6 Ng1 48. Kh5 Nf3 0-1

[Event "TUR-chT 1st League"]
[Site "Konya"]
[Date "2018.07.19"]
[Round "6.3"]
[White "Akdag, Omer Amir"]
[Black "Sakir, Ridvan"]
[Result "1-0"]
[WhiteElo "1735"]
[BlackElo "2227"]
[PlyCount "101"]
[EventDate "2018.07.16"]
[EventType "team-swiss"]
[EventRounds "9"]
[EventCountry "TUR"]
[SourceTitle "EXT 2019"]
[Source "ChessBase"]
[SourceDate "2018.10.10"]
[SourceVersion "1"]
[SourceVersionDate "2018.10.10"]
[SourceQuality "1"]
[WhiteTeam "Kahramanmaras CC"]
[BlackTeam "Manisa Turkuaz"]
[WhiteTeamCountry "TUR"]
[BlackTeamCountry "TUR"]

1. e4 c5 2. Nf3 d6 3. d4 cxd4 4. Nxd4 Nf6 5. Nc3 g6 6. g3 Bg7 7. Bg2 0-0 8. 0-0 Nbd7 9. h3 Qc7 10. Ncb5 Qb6 11. a4 a6 12. a5 Qc5 13. Na3 Qxa5 14. Be3 Qd8 15. b4 Ne5 16. c4 Nfd7 17. Qb3 Nc6 18. Nxc6 bxc6 19. Rac1 a5 20. b5 a4 21. Qc2 Bb7 22. e5 Qc7 23. exd6 Qxd6 24. Rfd1 Qc7 25. c5 Rfd8 26. Bg5 Re8 27. Rd2 Nf8 28. Rcd1 Qc8 29. Nc4 cxb5 30. Nb6 Qb8 31. Nxa8 Bxa8 32. c6 Ne6 33. Rd7 a3 34. Bd5 Nd4 35. Qa2 e6 36. c7 Qc8 37. Rd8 Bxd5 38. Qxa3 Bf8 39. Rxc8 Rxc8 40. Be7 b4 41. Bxb4 Bg7 42. Ba5 Bf8 43. Qa4 Nf3+ 44. Kh1 Ne5+ 45. Rxd5 exd5 46. Qb5 Bd6 47. Qb7 Rxc7 48. Bxc7 Bxc7 49. Qxc7 f6 50. Qd8+ Kg7 51. Qxd5 1-0

[Event "TUR-chT 1st League"]
[Site "Konya"]
[Date "2018.07.17"]
[Round "3.9"]
[White "Akdag, Omer Amir"]
[Black "Sekerci, Berkin"]
[Result "1-0"]
[WhiteElo "1735"]
[BlackElo "1718"]
[PlyCount "67"]
[EventDate "2018.07.16"]
[EventType "team-swiss"]
[EventRounds "9"]
[EventCountry "TUR"]
[SourceTitle "EXT 2019"]
[Source "ChessBase"]
[SourceDate "2018.10.10"]
[SourceVersion "1"]
[SourceVersionDate "2018.10.10"]
[SourceQuality "1"]
[WhiteTeam "Kahramanmaras CC"]
[BlackTeam "Ego Spor"]
[WhiteTeamCountry "TUR"]
[BlackTeamCountry "TUR"]

1. e4 e6 2. d4 d5 3. Nd2 c5 4. c3 Nc6 5. Ngf3 Nf6 6. e5 Nd7 7. Bd3 Be7 8. 0-0 0-0 9. Re1 Qb6 10. Nf1 g6 11. Bc2 cxd4 12. cxd4 f6 13. exf6 Nxf6 14. a3 Bd6 15. Ng3 Bd7 16. Rb1 Rae8 17. Bg5 Ng4 18. Qd2 Rxf3 19. gxf3 Nxd4 20. Bd1 Ne5 21. Kg2 Rf8 22. f4 Nc4 23. Qc1 Rc8 24. Bg4 Nb3 25. Qd1 Bc5 26. f5 d4 27. fxe6 Bc6+ 28. Kh3 h5 29. Bxh5 gxh5 30. Nxh5 Rf8 31. Bf6 Kh7 32. Qd3+ Kh6 33. Qg3 Rxf6 34. Nxf6 1-0

[Event "Ordu op 4th"]
[Site "Ordu"]
[Date "2018.04.11"]
[Round "3"]
[White "Gokbulut, Julia"]
[Black "Akdag, Omer Amir"]
[Result "1-0"]
[WhiteElo "2063"]
[BlackElo "1799"]
[PlyCount "145"]
[EventDate "2018.04.10"]
[EventType "swiss"]
[EventRounds "9"]
[EventCountry "TUR"]
[SourceTitle "CBM 183 Extra"]
[Source "ChessBase"]
[SourceDate "2018.04.19"]
[SourceVersion "1"]
[SourceVersionDate "2018.04.19"]
[SourceQuality "1"]

1. d4 Nf6 2. c4 g6 3. Nc3 Bg7 4. e4 d6 5. f3 0-0 6. Be3 Na6 7. Nge2 c5 8. d5 Nc7 9. Qd2 e6 10. Ng3 exd5 11. cxd5 Rb8 12. a4 a6 13. Be2 h5 14. Bg5 b5 15. axb5 axb5 16. 0-0 b4 17. Nd1 Qe8 18. Re1 Nd7 19. Bh6 Qe5 20. Bxg7 Qxg7 21. Ne3 Qh6 22. Ngf1 Qf4 23. Ra7 Rb7 24. Rea1 Qf6 25. Rxb7 Bxb7 26. Ra7 Rb8 27. b3 Nb6 28. g3 Nc8 29. Ra2 Ra8 30. Rxa8 Bxa8 31. Qa2 Bb7 32. Qa5 Qe7 33. Kf2 Ne8 34. Nd2 Qc7 35. Qa1 Qb8 36. Ndc4 Qa7 37. Qb2 Nb6 38. Nxb6 Qxb6 39. Qa1 Qd8 40. Bb5 Nc7 41. Qa5 Qe7 42. Bd3 Ne8 43. Qa7 Kf8 44. Bb5 Bc8 45. Qa4 Nc7 46. Nc4 h4 47. Qa1 Kg8 48. Bc6 Ba6 49. Ne3 hxg3+ 50. hxg3 Qe5 51. Qxe5 dxe5 52. d6 Ne6 53. Bd5 Kf8 54. Ke1 Ke8 55. Bxe6 fxe6 56. Ng4 Kd7 57. Nxe5+ Kxd6 58. Nxg6 Bd3 59. Kd2 Bb1 60. Nf4 Ba2 61. Kc2 c4 62. bxc4 Bxc4 63. Nd3 b3+ 64. Kc3 Bb5 65. Nc1 Bf1 66. Nxb3 Ke5 67. Nd2 Bg2 68. Kd3 Kf6 69. Ke3 Kg5 70. Kf2 Bh3 71. Nc4 Kh5 72. Ne5 Kg5 73. Nd3 1-0

[Event "Ankara Baskent Univ op 2nd"]
[Site "Ankara"]
[Date "2017.06.30"]
[Round "1"]
[White "Bolat, Ahmet"]
[Black "Akdag, Omer Amir"]
[Result "1-0"]
[WhiteElo "2178"]
[BlackElo "1685"]
[PlyCount "151"]
[EventDate "2017.06.30"]
[EventType "swiss"]
[EventRounds "9"]
[EventCountry "TUR"]
[SourceTitle "CBM 179 Extra"]
[Source "ChessBase"]
[SourceDate "2017.08.23"]
[SourceVersion "1"]
[SourceVersionDate "2017.08.23"]
[SourceQuality "1"]

1. b3 e5 2. Bb2 d6 3. e3 c6 4. d4 Qc7 5. Nf3 e4 6. Nfd2 f5 7. c4 Nf6 8. Nc3 Nbd7 9. Rc1 g6 10. f3 exf3 11. Qxf3 Bh6 12. h3 0-0 13. Be2 Nh5 14. 0-0 Re8 15. Nd1 Ndf6 16. Bd3 Qe7 17. Re1 Ng4 18. Nf1 Ngf6 19. Nf2 Ne4 20. d5 Ng5 21. Qd1 Nf7 22. dxc6 bxc6 23. Be2 Nf6 24. Bf3 Bb7 25. c5 d5 26. Qd4 Nd7 27. Bxd5 cxd5 28. c6 Bxc6 29. Rxc6 Nde5 30. Rc5 Rad8 31. Rxd5 Qg5 32. Kh1 Rxd5 33. Qxd5 Rd8 34. Qe6 Bg7 35. Rc1 Qf6 36. Qxf6 Bxf6 37. Bd4 Rd7 38. Nd2 Bg5 39. Rc8+ Nd8 40. Nc4 Nec6 41. Bc3 Kf7 42. g3 Bf6 43. Bxf6 Kxf6 44. Kg2 Ke6 45. Kf3 h6 46. Ke2 Ne5 47. Nxe5 Kxe5 48. Nd3+ Kf6 49. b4 Nf7 50. b5 Rd5 51. Rc6+ Ke7 52. a4 Rxd3 53. Kxd3 Ne5+ 54. Kd4 Nxc6+ 55. bxc6 Kd6 56. c7 Kxc7 57. Ke5 Kb6 58. Kf6 Ka5 59. Kxg6 Kxa4 60. Kxf5 Kb5 61. e4 Kc6 62. Kf6 Kd7 63. Ke5 a5 64. g4 a4 65. Kd4 Ke6 66. h4 a3 67. Kc3 Ke5 68. g5 hxg5 69. hxg5 Ke6 70. Kb3 a2 71. Kxa2 Kf7 72. e5 Ke6 73. g6 Ke7 74. Kb3 Kf8 75. e6 Ke8 76. g7 1-0

[Event "TUR Cup"]
[Site "Antalya"]
[Date "2017.01.30"]
[Round "4"]
[White "Kirali, Mehmet"]
[Black "Akdag, Omer Amir"]
[Result "1-0"]
[WhiteElo "1878"]
[BlackElo "1676"]
[PlyCount "59"]
[EventDate "2017.01.28"]
[EventType "swiss"]
[EventRounds "11"]
[EventCountry "TUR"]
[SourceTitle "CBM 176 Extra"]
[Source "ChessBase"]
[SourceDate "2017.03.02"]
[SourceVersion "1"]
[SourceVersionDate "2017.03.02"]
[SourceQuality "1"]

1. e4 c5 2. Nf3 d6 3. d4 cxd4 4. Nxd4 Nf6 5. f3 e5 6. Nb3 Be6 7. c4 Nbd7 8. Be3 Rc8 9. N1d2 Be7 10. Be2 Nh5 11. 0-0 Nf4 12. Kh1 Bg5 13. Bg1 Qf6 14. Re1 Qg6 15. Bf1 Nf6 16. c5 N6h5 17. Bb5+ Kf8 18. Bf1 Bh4 19. g4 Nf6 20. Nc4 Nxg4 21. Qxd6+ Be7 22. Qd2 Bxc4 23. Bxc4 Nf6 24. Rad1 h5 25. Be3 Nh3 26. Qg2 Nf4 27. Bxf4 exf4 28. Na5 Nd5 29. exd5 Bxc5 30. Nxb7 1-0